000 00990nam a2200301 a 4500
001 66222
003 BD-RjUL
005 20211209081519.0
008 841120s1985 enka b 001 0 eng c
020 _a0192614096 (pbk.) :
_c$24.95
035 _a(BD-RjUL)66352
040 _aDNLM/DLC
_cDLC
_dDLC
_beng
041 _aeng
082 0 0 _223
_a616.042
_bROI 1985
100 1 _aRoberts, J. A. Fraser
_q(John Alexander Fraser),
_d1899-
_9195965
245 1 3 _aAn introduction to medical genetics /
_cJ.A. Fraser Roberts and Marcus E. Pembrey.
250 _a8th ed.
260 _aOxford ;
_aNew York :
_bOxford University Press,
_c1985.
300 _axvi, 394 p. :
_bill. ;
_c24 cm.
500 _aIncludes indexes.
504 _aBibliography: p. 370-381.
650 0 _aMedical genetics.
_9195967
650 2 _aGenetics, Medical.
_9178776
650 2 _aHereditary Diseases.
_9195968
700 1 _aPembrey, Marcus E.
_9195969
942 _2ddc
_cBK
999 _c66222
_d66222